La etnología araucana en el poema de Ercilla

Salvato in:
Dettagli Bibliografici
Autore principale: Guevara, Tomás (Autore)
Natura: Libro
Lingua:spagnolo
Pubblicazione: Santiago Sociedad Imprenta-Litografía Barcelona 1918
Edizione:1a. ed
Serie:Historia de la civilización de Araucanía, IX
Soggetti:
Tags: Aggiungi Tag
Nessun Tag, puoi essere il primo ad aggiungerne!!

MARC

LEADER 00000nam a2200000 a 4500
001 UCJ5166
003 CL-VaPUC
008 070124e19180000CL |||||||||||||||||spa|d
082 0 4 |a 983  |b GUE  |2 21 
100 0 |a Guevara, Tomás  |e author  |9 504561 
245 1 3 |a La etnología araucana en el poema de Ercilla 
250 |a 1a. ed 
300 |a 367 p 
942 |c BK 
945 |d 20070124 00:00:00  |a rinostro 
260 |a Santiago  |b Sociedad Imprenta-Litografía Barcelona  |c 1918 
600 0 7 |a LA ARAUCANA  |2 CL-VaPUC  |9 508867 
600 0 |a Ercilla y Zúñiga, Alonso de   |e autor  |9 267605 
650 0 |a Araucanos  |9 314060 
650 0 |a Etnografía   |9 309735 
650 0 |a Crítica literaria   |9 269189 
650 0 |a Historiografía   |9 257871 
650 7 |a LENGUA ARAUCANA  |2 CL-VaPUC  |9 506597 
650 0 |a Guerra de Arauco  |9 267618 
651 0 |a Araucanía   |9 257448 
583 |a last modification  |c 20070124 00:00:00  |k Rodrigo Vera 
490 0 |a Historia de la civilización de Araucanía, IX 
999 |c 321279  |d 321277 
952 |0 0  |1 0  |4 0  |6 983_000000000000000_GUE_1918  |7 0  |8 X  |9 399981  |a FDOBUD  |b FDOBUD  |d 2019-11-22  |i 1030795  |o 983 GUE 1918  |p 1030795  |r 2019-11-22  |w 2019-11-22  |y BK_X  |k BUD